Number theory : (Record no. 1300)

MARC details
000 -LEADER
fixed length control field 01455nam a2200349 a 4500
001 - ACCESSION NUMBER
control field 11320
003 - CONTROL NUMBER IDENTIFIER
control field CUTN
005 - DATE AND TIME OF LATEST TRANSACTION
control field 20130410145151.0
008 - FIXED-LENGTH DATA ELEMENTS--GENERAL INFORMATION
fixed length control field 970722s1998 riua b 100 0 eng
010 ## - LIBRARY OF CONGRESS CONTROL NUMBER
LC control number 97030207
020 ## - INTERNATIONAL STANDARD BOOK NUMBER
International Standard Book Number 9780821848616
035 ## - SYSTEM CONTROL NUMBER
System control number (MNU)notisARL7172
035 ## - SYSTEM CONTROL NUMBER
System control number (CStRLIN)MNUGARL7172-B
Canceled/invalid control number (CStRLIN)NYCXAQA7224-B
040 ## - CATALOGING SOURCE
Original cataloging agency DLC
Transcribing agency DLC
Modifying agency NIC
-- MnU
050 00 - LIBRARY OF CONGRESS CALL NUMBER
Classification number QA241
Item number .N8678 1997
082 00 - DEWEY DECIMAL CLASSIFICATION NUMBER
Classification number 512/.7
Edition number 21
245 00 - TITLE STATEMENT
Title Number theory :
Remainder of title Ramanujan Mathematical Society, January 3-6, 1996, Tiruchirapalli, India /
Statement of responsibility, etc V. Kumar Murty, Michel Waldschmidt, editors.
260 ## - PUBLICATION, DISTRIBUTION, ETC. (IMPRINT)
Place of publication, distribution, etc Providence :
Name of publisher, distributor, etc American Mathematical Society,
Date of publication, distribution, etc c1998.
300 ## - PHYSICAL DESCRIPTION
Extent vii, 399 p. :
Other physical details ill. ;
Dimensions 25 cm.
490 1# - SERIES STATEMENT
Series statement Contemporary mathematics ;
Volume number/sequential designation v. 210
500 ## - GENERAL NOTE
General note International conference on Discrete Mathematics and Number Theory held in January 1996 to mark the 10th anniversary of the Ramanujan Mathematical Society.
504 ## - BIBLIOGRAPHY, ETC. NOTE
Bibliography, etc Includes bibliographical references.
650 #0 - SUBJECT ADDED ENTRY--TOPICAL TERM
Topical term or geographic name as entry element Number theory
General subdivision Congresses.
700 1# - ADDED ENTRY--PERSONAL NAME
Personal name Murty, Vijaya Kumar,
Dates associated with a name 1956-
Locally assigned cutter number (editor) MUR
700 1# - ADDED ENTRY--PERSONAL NAME
Personal name Waldschmidt, Michel,
Dates associated with a name 1946-
710 2# - ADDED ENTRY--CORPORATE NAME
Corporate name or jurisdiction name as entry element Ramanujan Mathematical Society.
711 2# - ADDED ENTRY--MEETING NAME
Meeting name or jurisdiction name as entry element Discrete Mathematics and Number Theory
Subordinate unit (Conference :
Date of meeting 1996 :
Location of meeting Tiruchirapalli, India)
830 #0 - SERIES ADDED ENTRY--UNIFORM TITLE
Uniform title Contemporary mathematics (American Mathematical Society) ;
Volume number/sequential designation v. 210.
942 ## - ADDED ENTRY ELEMENTS (KOHA)
Source of classification or shelving scheme Dewey Decimal Classification
Koha item type General Books
Holdings
Date last seen Total Checkouts Full call number Barcode Copy number Price effective from Koha item type Lost status Source of classification or shelving scheme Damaged status Not for loan Withdrawn status Home library Current library Shelving location Date acquired Source of acquisition
10/04/2013   512/.7 11320 1 10/04/2013 General Books   Dewey Decimal Classification       CUTN Central Library CUTN Central Library Generalia 10/04/2013 NBHM